000 00471nam a2200181Ia 4500
001 23347
005 20260414150931.0
008 260414t2012||||xx |||||||||||||| ||spa||
041 _aESP
082 _a629.89
_bN25
100 _aNaranjo Pérez, Freddy
_eAUT
245 0 _aControl lineal moderno :
_banálisis y diseño en el espacio de estados
260 _c2012
300 _a187 páginas :
_c24 cm.
650 _aCNM
654 _aCCN
942 _cLIB
_dJUS
_fJUS
_2ddc
_n
999 _c23347
_d23347